• 首页
  • 本馆介绍
  • 公告通知
  • 最新文献
  • 馆藏检索
  • 电子资源
  • 读者导购
  • 参考咨询
  • 我的图书馆
  • 登录
  • 详细信息显示
  • 放入我的书架
  • 预约/预借图书
  • 作者相关作品
  • 分类相关作品
  • 丛书相关作品
  • 出版社相关作品

书目信息

  • 表格格式
  • 工作单格式
  • 卡片格式
题名:
论科学技术
    
 
作者: 江泽民 著
分册:  
出版信息: 北京   中央文献出版社  2001
页数: 175页
开本: 19cm
丛书名:
单 册:
中图分类: G322.0 , G322.0
科图分类: 27.21
主题词: 科技政策--中国--文集 , 科学研究事业--世界
电子资源:
ISBN: 7-5073-0963-0
000 00716nam0 2200253 45
001 0192022230
005 20070724103600.23
010    @a7-5073-0963-0@dCNY14.60
100    @a19921110d2001 em y0chiy0121 ea
101 0  @achi
102    @aCN@b110000
105    @ay z 000yy
200 10 @a论科学技术@Alun ke xue ji shu@f江泽民著@Fjiang ze min zhu
210    @a北京@c中央文献出版社@d2001
215    @a175页@d19cm
540 1  @a科学技术 生产力@AKE XUE JI SHU SHENG CHAN LI
606    @a科技政策@y中国@x文集
606 0  @a科学研究事业@x世界
690    @aG322.0@v三版
690    @aG322.0@v3
692    @a27.21
701  0 @a江泽民@Ajiang ze min@4著
801  0 @aCN@bTSSF@c20070724
905    @a10447@dG322.0@e29
    
    论科学技术/江泽民著.-北京:中央文献出版社,2001
    175页;19cm
    
    
    ISBN 7-5073-0963-0:CNY14.60
    
●
相关链接 在E读中查询图书 在五车中查询图书 在当当中查询图书 在豆瓣中查询图书


正题名:论科学技术     索取号:G322.0/29         预约/预借

序号 登录号 条形码 馆藏地/架位号 状态 备注
1 0767838   207678388   第一样本阅览室/ [索取号:G322.0/29] 在馆    
唐山师范学院图书馆 欢迎您!
大连网信软件有限公司© 版权所有